| 000 | 00780nam a2200217Ii 4500 | ||
|---|---|---|---|
| 003 | JO-AjNU | ||
| 008 | 230605s9999||||xx |||||||||||||| ||und|| | ||
| 017 | _a2007/2/432 | ||
| 040 |
_aJO-AjNU _bara _erda _cJO-AjNU |
||
| 041 | _aara | ||
| 050 | 1 | 4 | _aBP75.5.B3764.2007 |
| 100 | 3 |
_aالباشا، عبد الرحمن رأفت ، العقيل، عبد الله ، فارس، عصام/عناية, _eauthor _936227 |
|
| 245 | 0 | 0 | _aشخصيات إسلامية :صور من حياة التابعين |
| 250 | _aط1 | ||
| 264 | 3 | 1 | _aعمان:دار عمار للنشر والتوزيع ، 2007 |
| 300 | _a186ص | ||
| 336 |
_atext _btxt _2rdacontent |
||
| 337 |
_aunmediated _bn _2rdamedia |
||
| 338 |
_avolume _bnc _2rdacarrier |
||
| 650 | 4 |
_aالصحابة والتابعون _936228 |
|
| 999 |
_aA15032 _c18600 _d18600 |
||